000 00586nam a22002057a 4500
003 UA-OsUOA
001 36337
007 ta
008 20060121b un ||||| |||| 00| 0 ukr d
090 _a330
942 _cSA
040 _aUA-OsUOA
_bukr
_cUA-OsUOA
_dUA-OsUOA
245 _aДержавна комісія з регулювання ринків фінансових послуг України
300 _aС.3
955 _a0
041 _aukr
080 _a330
773 0 _w36332
_tУкраїна- business
_dК.
_d2006
_g2
650 7 _a330 Економіка взагалі
_2UDC
999 _c322575
_d322575